000
00316 a2200109 4500
001
ART_31287
005
20260410161840.0
008
260409a
245
1
0
_a
Consolidación y compensación de deuda pública
100
1
_a
Sandoval, Omar
773
0
_t
RAP
_g
- Año 36, Nº 425 (feb. 2014)
_w
REV5941
999
_c
24024
_d
24024